000 00332nam a22001337a 4500
020 _a0-340-89316-8
082 _a823
_bBLY/S
100 _aENID BLYTON
245 _aPUZZLE FOR THE SECRET SEVEN
260 _aGREAT BRITAIN
_bHODDER CHILDRENS BOOK
_c1958
300 _a154
650 _aCHILDREN'S STORY BOOK
_zUNITED KINGDOM
942 _cBK
999 _c158
_d158